000 00794nas a2200253 4500
001 BR0800951
003 BR-BrBNA
005 20231205111718.0
007 ta
008 230509b bl.|||p| |||| 00| 00por d
040 _aBR-BrBNA
_bpor
_cBiblioteca Nacional de Agricultura
041 _a(Pt)
072 _aL73
100 1 _aSilva, F.F. da
100 1 _aAlves, C.G.T.
100 1 _aSilva Júnior, F.F. da
245 1 _aPododermatite solar circunscrita, úlcera de Husterholz ou úlcera da Sola
_bRelato de Caso
650 _aDOENÇA ANIMAL
650 _aBOVINO
650 _aPODODERMATITE
773 0 _tCiência Veterinária nos Trópicos (Brazil)
_xISSN 1415-6326
_g(May-Dec 2006), v. 9(2-3) p. 102-105
_wBR0800951
909 _a202311
_bLúcia
_c55
_dLúcia Elande
942 _2AGRIS
_n0
_cANA
999 _c194092
_d194092